=LDR 00000nam 2200000 4500 =001 INLIS000000000015000 =005 20130612110259 =008 ***********************************INd** =035 ##$$0010-061300000015000 =041 ##$$a INd =082 ##$$a 634.4 =090 ##$$a 634.4, Ruk s =100 ##$$a Rukmana, Rahmad =245 ##$$a Sawo, Rahmad rukmana =260 ##$$a 1997 $b Yogyakarta =300 ##$$a 51 hlm, Ilus, 21 cm =650 ##$$a Sawo =850 ##$$a NBPNMAT